[Event "SLO-chT Central 1st League 20th"]
[Site "Slovenia"]
[Date "2019.10.24"]
[Round "7.3"]
[White "Erazem, Franc"]
[Black "Zlicar, Jure"]
[Result "0-1"]
[WhiteElo "1514"]
[BlackElo "1389"]
[PlyCount "46"]
[EventDate "2019.09.12"]
[EventType "team-tourn"]
[EventRounds "9"]
[EventCountry "SLO"]
[SourceTitle "EXT 2024"]
[Source "ChessBase"]
[SourceDate "2023.10.10"]
[SourceVersion "1"]
[SourceVersionDate "2023.10.10"]
[SourceQuality "1"]
[WhiteTeam "Crni Graben"]
[BlackTeam "Komenda Pogi"]
[WhiteTeamCountry "SLO"]
[BlackTeamCountry "SLO"]

1. e4 g6 2. d4 Bg7 3. e5 d6 4. f4 dxe5 5. fxe5 c5 6. c3 Nc6 7. Bb5 Bd7 8. Bxc6 Bxc6 9. Qg4 h5 10. Qh4 Bxg2 11. Ne2 Bxh1 12. e6 Nf6 13. exf7+ Kxf7 14. Nd2 cxd4 15. Nxd4 e5 16. N4f3 Bxf3 17. Nxf3 Re8 18. Ng5+ Kg8 19. Qc4+ Qd5 20. Qe2 Rad8 21. Nf3 Qd3 22. Qg2 Qd1+ 23. Kf2 Ne4+ 0-1

[Event "Pardubice Czech op-D 30th"]
[Site "Pardubice"]
[Date "2019.07.27"]
[Round "9"]
[White "Zlicar, Jure"]
[Black "Vetter, Udo"]
[Result "1-0"]
[WhiteElo "1246"]
[BlackElo "1482"]
[PlyCount "65"]
[EventDate "2019.07.20"]
[EventType "swiss"]
[EventRounds "9"]
[EventCountry "CZE"]
[SourceTitle "EXT 2020"]
[Source "ChessBase"]
[SourceDate "2019.10.17"]
[SourceVersion "1"]
[SourceVersionDate "2019.10.17"]
[SourceQuality "1"]

1. e4 c5 2. Nf3 Nc6 3. d4 cxd4 4. Nxd4 Nf6 5. Nc3 g6 6. Be3 Bg7 7. Qd2 d6 8. f3 Bd7 9. Bc4 a6 10. h4 b5 11. Bb3 h5 12. 0-0-0 b4 13. Nd5 a5 14. Nxf6+ Bxf6 15. Bd5 Rc8 16. Kb1 Ne5 17. Qf2 Qc7 18. Qe2 e6 19. Nb5 Qb8 20. Bb7 Bxb5 21. Qxb5+ Ke7 22. Qa6 Rcd8 23. Ba7 Qc7 24. Bb6 Qc4 25. Qxc4 Nxc4 26. Bxd8+ Rxd8 27. g3 Ne3 28. Rd2 d5 29. exd5 Nf5 30. g4 hxg4 31. fxg4 Nxh4 32. Rhd1 Nf3 33. d6+ 1-0

[Event "Pardubice Czech op-D 30th"]
[Site "Pardubice"]
[Date "2019.07.26"]
[Round "8"]
[White "Pekurin, Yury"]
[Black "Zlicar, Jure"]
[Result "1/2-1/2"]
[WhiteElo "1687"]
[BlackElo "1246"]
[PlyCount "63"]
[EventDate "2019.07.20"]
[EventType "swiss"]
[EventRounds "9"]
[EventCountry "CZE"]
[SourceTitle "EXT 2020"]
[Source "ChessBase"]
[SourceDate "2019.10.17"]
[SourceVersion "1"]
[SourceVersionDate "2019.10.17"]
[SourceQuality "1"]

1. d4 Nf6 2. c4 e6 3. Nc3 Bb4 4. Bd2 c5 5. e3 0-0 6. Nf3 Nc6 7. a3 Bxc3 8. Bxc3 d6 9. Be2 Qc7 10. 0-0 b6 11. Rc1 Bb7 12. h3 Ne7 13. Nh2 Ne4 14. Bf3 Nxc3 15. Rxc3 Rad8 16. Bxb7 Qxb7 17. Qf3 Qc7 18. Qe2 Rd7 19. b3 Rfd8 20. Rd1 Nf5 21. g4 Ne7 22. Rcd3 Kf8 23. R1d2 e5 24. dxe5 dxe5 25. Rxd7 Rxd7 26. Qd1 Ke8 27. f3 Nc6 28. Nf1 Na5 29. Rxd7 Qxd7 30. Qxd7+ Kxd7 31. Nd2 Kd6 32. Kf2 1/2-1/2

[Event "SLO-chT2 West"]
[Site "Komenda"]
[Date "2018.11.11"]
[Round "3.5"]
[White "Zlicar, Jure"]
[Black "Krivec, Metod"]
[Result "1/2-1/2"]
[WhiteElo "1232"]
[BlackElo "1753"]
[PlyCount "50"]
[EventDate "2018.11.10"]
[EventType "team-tourn"]
[EventRounds "7"]
[EventCountry "SLO"]
[SourceTitle "EXT 2020"]
[Source "ChessBase"]
[SourceDate "2019.10.17"]
[SourceVersion "1"]
[SourceVersionDate "2019.10.17"]
[SourceQuality "1"]
[WhiteTeam "Komenda SK II"]
[BlackTeam "Radovljica"]
[WhiteTeamCountry "SLO"]
[BlackTeamCountry "SLO"]

1. e4 e6 2. d4 d5 3. e5 c5 4. c3 Qb6 5. Nf3 Bd7 6. Be2 Nc6 7. 0-0 Rc8 8. Qb3 Qc7 9. Nbd2 Nge7 10. Rd1 Ng6 11. Nf1 Be7 12. Be3 0-0 13. Ng3 a6 14. a3 c4 15. Qc2 f6 16. exf6 Bxf6 17. Bg5 Bxg5 18. Nxg5 Qd8 19. Nf3 Nf4 20. Bf1 Qf6 21. Ne2 Nd3 22. Ng3 Nf4 23. Ne2 Nd3 24. Ng3 Nf4 25. Ne2 Nd3 1/2-1/2

[Event "SLO-ch U10"]
[Site "Ptuj"]
[Date "2017.03.03"]
[Round "9"]
[White "Kovac, Mak"]
[Black "Zlicar, Jure"]
[Result "0-1"]
[WhiteElo "1211"]
[BlackElo "1173"]
[PlyCount "128"]
[EventDate "2017.02.27"]
[EventType "swiss"]
[EventRounds "9"]
[EventCountry "SLO"]
[SourceTitle "CBM 177 Extra"]
[Source "ChessBase"]
[SourceDate "2017.04.27"]
[SourceVersion "1"]
[SourceVersionDate "2017.04.27"]
[SourceQuality "1"]

1. e4 e5 2. Nf3 Nc6 3. Bb5 Bc5 4. 0-0 d6 5. h3 Nf6 6. d3 h6 7. c3 0-0 8. Re1 a6 9. Ba4 b5 10. Bc2 Bd7 11. d4 exd4 12. cxd4 Bb6 13. e5 dxe5 14. dxe5 Nh7 15. Qd3 g6 16. Bxh6 Re8 17. Qc3 Ba5 18. Qe3 Bxe1 19. Qxe1 Qe7 20. Bf4 Nb4 21. Qc3 Nxc2 22. Qxc2 Be6 23. Nbd2 c5 24. Rd1 Bf5 25. Qc3 Be6 26. Bh6 b4 27. Qc2 Rec8 28. Ne4 Bf5 29. Qe2 Bxe4 30. Qxe4 Re8 31. Qg4 Qe6 32. Qxe6 Rxe6 33. Be3 Rc8 34. Rc1 c4 35. Bf4 c3 36. b3 Nf8 37. Nd4 Ree8 38. g4 Ne6 39. Nxe6 Rxe6 40. Kg2 Ree8 41. Bg3 c2 42. Kf3 Red8 43. Bf4 Rd1 44. Kg2 Rxc1 45. Bxc1 Rd8 46. Kf3 Rd1 47. Bb2 Rb1 48. Ke2 Rxb2 49. Kd2 Rxa2 50. f4 Rb2 51. f5 gxf5 52. gxf5 Rxb3 53. Kxc2 Rxh3 54. e6 fxe6 55. fxe6 Re3 56. Kb2 Kf8 57. e7+ Kxe7 58. Ka2 Kd6 59. Kb2 Kc5 60. Ka2 Kc4 61. Kb2 Re2+ 62. Kb1 Kc3 63. Ka1 Kb3 64. Kb1 Re1# 0-1

[Event "SLO-ch U10"]
[Site "Ptuj"]
[Date "2017.03.02"]
[Round "8"]
[White "Zlicar, Jure"]
[Black "Javornik, Nik"]
[Result "1/2-1/2"]
[WhiteElo "1173"]
[BlackElo "1689"]
[PlyCount "60"]
[EventDate "2017.02.27"]
[EventType "swiss"]
[EventRounds "9"]
[EventCountry "SLO"]
[SourceTitle "CBM 177 Extra"]
[Source "ChessBase"]
[SourceDate "2017.04.27"]
[SourceVersion "1"]
[SourceVersionDate "2017.04.27"]
[SourceQuality "1"]

1. e4 e5 2. Nf3 Nc6 3. Bc4 Nf6 4. Ng5 d5 5. exd5 Na5 6. Bb5+ c6 7. dxc6 bxc6 8. Be2 h6 9. Nf3 e4 10. Ng1 Bd6 11. d3 0-0 12. Nc3 exd3 13. Bxd3 Re8+ 14. Nge2 Bg4 15. 0-0 Qc7 16. g3 Bh3 17. Re1 Qb7 18. Nf4 Rxe1+ 19. Qxe1 Re8 20. Qd1 Bxf4 21. Bxf4 c5 22. Bf1 Bxf1 23. Qxf1 Qxb2 24. Nb5 Qxc2 25. Nxa7 Ra8 26. Nb5 Rc8 27. Na7 Ra8 28. Nb5 Rc8 29. Na7 Ra8 30. Nc6 Rc8 1/2-1/2

[Event "SLO-ch U10"]
[Site "Ptuj"]
[Date "2017.02.27"]
[Round "1"]
[White "Lugaric, Liam"]
[Black "Zlicar, Jure"]
[Result "0-1"]
[WhiteElo "1650"]
[BlackElo "1173"]
[PlyCount "102"]
[EventDate "2017.02.27"]
[EventType "swiss"]
[EventRounds "9"]
[EventCountry "SLO"]
[SourceTitle "CBM 177 Extra"]
[Source "ChessBase"]
[SourceDate "2017.04.27"]
[SourceVersion "1"]
[SourceVersionDate "2017.04.27"]
[SourceQuality "1"]

1. e4 e5 2. Nf3 Nc6 3. d4 exd4 4. Nxd4 Bb4+ 5. c3 Bc5 6. Nxc6 dxc6 7. Qxd8+ Kxd8 8. Nd2 Nf6 9. Bc4 Ke7 10. 0-0 Re8 11. Kh1 Kf8 12. f3 Be6 13. Bb3 Rad8 14. Re1 Bf2 15. Re2 Bb6 16. h3 c5 17. Nc4 Bxc4 18. Bxc4 Rd1+ 19. Kh2 c6 20. Bb3 Bc7+ 21. g3 Rd3 22. Re3 Rxe3 23. Bxe3 b6 24. Ba4 b5 25. Bxc5+ Kg8 26. Bb3 a6 27. a4 Nh5 28. Rg1 Rd8 29. Rg2 Nxg3 30. Bf2 Nxe4+ 31. Kg1 Nxf2 32. Rxf2 Bb6 33. axb5 Bxf2+ 34. Kxf2 axb5 35. Ke2 g5 36. c4 bxc4 37. Bxc4 Kg7 38. Bd3 h6 39. Be4 c5 40. Bd3 Rb8 41. Kd2 Rxb2+ 42. Kc3 Rb4 43. Be4 Kf6 44. Kd3 Ke5 45. Kc3 Rxe4 46. fxe4 Kxe4 47. Kc4 f5 48. Kxc5 f4 49. Kc4 f3 50. Kc3 f2 51. Kd2 f1Q 0-1